Hyperfocus : (Record no. 590534)

000 -LEADER
fixed length control field 01287cam a2200361 i 4500
001 - CONTROL NUMBER
control field 20507565
003 - CONTROL NUMBER IDENTIFIER
control field NUST
005 - DATE AND TIME OF LATEST TRANSACTION
control field 20220827163433.0
008 - FIXED-LENGTH DATA ELEMENTS--GENERAL INFORMATION
fixed length control field 180523s2018 nyua b 001 0 eng
010 ## - LIBRARY OF CONGRESS CONTROL NUMBER
LC control number 2018023750
020 ## - INTERNATIONAL STANDARD BOOK NUMBER
International Standard Book Number 9780525522232 (hardcover)
038 ## - RECORD CONTENT LICENSOR
Staff Name Azhar
040 ## - CATALOGING SOURCE
Original cataloging agency DLC
Language of cataloging eng
Transcribing agency DLC
Description conventions rda
Modifying agency DLC
042 ## - AUTHENTICATION CODE
Authentication code pcc
050 00 - LIBRARY OF CONGRESS CALL NUMBER
Classification number BF637.T5
Item number B349 2018
082 00 - DEWEY DECIMAL CLASSIFICATION NUMBER
Classification number 153.733
Edition number 23
Author Mark BAI
100 1# - MAIN ENTRY--PERSONAL NAME
Personal name Bailey, Chris,
Dates associated with a name 1989-
Relator term author.
9 (RLIN) 94677
245 10 - TITLE STATEMENT
Title Hyperfocus :
Remainder of title how to be more productive in a world of distraction
Statement of responsibility, etc. Chris Bailey.
260 ## - PUBLICATION, DISTRIBUTION, ETC.
Place of publication, distribution, etc. New York :
Name of publisher, distributor, etc. Viking,
Date of publication, distribution, etc. 2018
300 ## - PHYSICAL DESCRIPTION
Extent 241 pages :
Other physical details illustrations ;
Dimensions 24 cm
336 ## - CONTENT TYPE
Content type term text
Content type code txt
Source rdacontent
337 ## - MEDIA TYPE
Media type term unmediated
Media type code n
Source rdamedia
338 ## - CARRIER TYPE
Carrier type term volume
Carrier type code nc
Source rdacarrier
504 ## - BIBLIOGRAPHY, ETC. NOTE
Bibliography, etc. note Includes bibliographical references and index.
563 ## - BINDING INFORMATION
Binding note PB
650 #0 - SUBJECT ADDED ENTRY--TOPICAL TERM
Topical term or geographic name entry element Time management.
650 #0 - SUBJECT ADDED ENTRY--TOPICAL TERM
Topical term or geographic name entry element Distraction (Psychology)
9 (RLIN) 94678
650 #0 - SUBJECT ADDED ENTRY--TOPICAL TERM
Topical term or geographic name entry element Attention.
9 (RLIN) 94679
776 08 - ADDITIONAL PHYSICAL FORM ENTRY
Relationship information Online version:
Main entry heading Bailey, Chris, 1989- author.
Title Hyperfocus
Place, publisher, and date of publication New York : Viking, [2018]
International Standard Book Number 9780525522249
Record control number (DLC) 2018025476
906 ## - LOCAL DATA ELEMENT F, LDF (RLIN)
a 7
b cbc
c orignew
d 1
e ecip
f 20
g y-gencatlg
942 ## - ADDED ENTRY ELEMENTS (KOHA)
Source of classification or shelving scheme
Koha item type Lincoln Corner
Holdings
Withdrawn status Lost status Source of classification or shelving scheme Damaged status Not for loan Permanent Location Current Location Shelving location Date acquired Full call number Barcode Date last seen Price effective from Koha item type
          Central Library (CL) Central Library (CL) Lincoln Corner 07/23/2022 153.733 BAI LC-25 06/12/2023 07/23/2022 Reference
© 2023 Central Library, National University of Sciences and Technology. All Rights Reserved.